Statistics for Movie Monsters

Click here to take the quiz!

General Stats

  • This quiz has been taken 104 times
    (75 since last reset)
  • The average score is 6 of 15

Answer Stats

Answer% Correct
Count Dracula
91%
Frankenstein's Monster
89%
The Wolfman
79%
The Mummy
79%
Godzilla
71%
King Kong
57%
Gillman
52%
Zombies
32%
The Invisible Man
27%
The Blob
21%
Mr Hyde
16%
Living Skeleton
9%
Predator
7%
Gamera
7%
Rodan
5%

Score Distribution

Percentile by Number Answered

Percent of People with Each Score

Your Score History

You have not taken this quiz since the last reset